Diseño de pavimento flexible de la carretera San José de los Remates - La Cañada, (8.67)
La investigación consta de toda carretera que consta de un estructura d pavimento es que cumpla con las características necesarias para soportar las cargas durante su periodo de diseño, así como también resistir el desgaste superficial, razón por lo cual el peso o dimensionamiento es un tema p...
| Main Authors: | , , |
|---|---|
| Other Authors: | |
| Format: | Tesis Section = Libro |
| Language: | Undetermined Spanish |
| Published: |
Managua
UNI
2011
|
| Subjects: |
| LEADER | 01320nam a2200301Ia 4500 | ||
|---|---|---|---|
| 008 | 240830s9999 xx 000 0 und d | ||
| 040 | |a BIBLIOTECA-RUPAP T.Mon 625.8 D352 | ||
| 041 | |a spa | ||
| 082 | |a T.Mon 625.8 D352 | ||
| 100 | 1 | |a Delgado Tijerino Julio César | |
| 100 | 1 | |b Díaz García, Miguel Ángel | |
| 100 | 1 | |c Wilson Williams, Guardián Vladimir | |
| 245 | 1 | 0 | |a Diseño de pavimento flexible de la carretera San José de los Remates - La Cañada, (8.67) |
| 260 | |a Managua |b UNI |c 2011 | ||
| 300 | |a 89 p. :il. | ||
| 500 | |a Contiene: anexos. | ||
| 502 | |a Tesis (Ingeniero Civil)- UNI, 2011. | ||
| 520 | 3 | |a La investigación consta de toda carretera que consta de un estructura d pavimento es que cumpla con las características necesarias para soportar las cargas durante su periodo de diseño, así como también resistir el desgaste superficial, razón por lo cual el peso o dimensionamiento es un tema puntual en el diseño y toma de decisiones. | |
| 650 | 7 | |a PAVIMENTOS FLEXIBLES | |
| 650 | 7 | |b PAVIMENTOS -DISEÑO Y CONSTRUCCION | |
| 650 | 7 | |c PAVIMENTO DE ASFALTO | |
| 650 | 7 | |d ESTUDIO DE SUELOS | |
| 650 | 7 | |e ESTUDIO DE TRANSITO | |
| 650 | 7 | |f CARRETERAS-MATENIMIENTO Y REPARACION | |
| 700 | 1 | |a Tutor: |b Morales Urbina, Israel | |
| 942 | |c BK |2 ddc | ||
| 991 | |a TESIS | ||
| 999 | |c 18207 | ||